| 000 | 00000cam 2200000zi 4500 |
| 001 | 9.915802 |
| 003 | CaOODSP |
| 005 | 20260514082539 |
| 006 | m o d f |
| 007 | cr mn||||||||| |
| 008 | 220928t20222022onc o f000 0 eng d |
| 040 | |aCaOODSP|beng|erda|cCaOODSP |
| 043 | |an-cn--- |
| 086 | 1 |aP29-133-1-2022E-PDF |
| 245 | 00|aSecurity officers and security officer supervisors. |
| 264 | 1|aOttawa, Ontario : |bCanadian General Standards Board : |bStandards Council of Canada, |c2022. |
| 264 | 4|c©2022 |
| 300 | |a1 online resource (40 pages). |
| 336 | |atext|btxt|2rdacontent |
| 337 | |acomputer|bc|2rdamedia |
| 338 | |aonline resource|bcr|2rdacarrier |
| 490 | 1 |aNational standard of Canada ; |vCAN/CGSB-133.1-2017, Reaffirmed September 2022 |
| 500 | |a"Published September 2022." |
| 500 | |a"Experience and excellence"--Cover. |
| 500 | |a"Supersedes CAN/CGSB-133.1-2008." |
| 500 | |aIssued also in French under title: Agents de sécurité et superviseurs des agents de sécurité. |
| 500 | |a"The Standards Council of Canada has granted a 2-year extension on the maintenance deadline of this standard, from September 28, 2027 to September 28, 2029" -- Statement supplied by the Canadian General Standards Board (2026-05-13). |
| 520 | |a"This National Standard of Canada sets out minimum requirements to be used when selecting uniformed security officers and supervisors to protect people, property and information. It provides a "Security Officers Basic (Pre-assignment) Training Program" (see Annex A), a "Security Officer Supervisors (Pre-assignment) Training Program" (See Annex B) and "Performance Guidelines for Suppliers of Training for Security Officers and Supervisors" (see Annex C)"--Scope, page 1. |
| 650 | 0|aPolice, Private|xTraining of|xStandards|zCanada. |
| 710 | 2 |aCanadian General Standards Board, |eissuing body. |
| 710 | 2 |aStandards Council of Canada, |eissuing body. |
| 775 | 08|tAgents de sécurité et superviseurs des agents de sécurité.|w(CaOODSP)9.915803 |
| 795 | |tSecurity officers and security officer supervisors |b2017|w(CaOODSP)9.844567 |
| 830 | #0|aNational standard of Canada ;|vCAN/CGSB-133.1-2017, Reaffirmed September 2022.|w(CaOODSP)9.507848 |
| 856 | 40|qPDF|s878 KB|uhttps://publications.gc.ca/collections/collection_2022/ongc-cgsb/P29-133-1-2022-eng.pdf |
| 986 | |aICS 13.310 |